[Event "XIII MIEDZYNARODOWY FESTIWAL SZACHOWY PERLA BALTYKU - GRUPA A"]
[Site "LAZY - OW BRYZA"]
[Date "1899-12-30"]
[Round "2.23"]
[White "Wysocki, Mieczyslaw"]
[Black "Bucko, Wieslaw"]
[Result "1-0"]
[WhiteTitle "I"]
[BlackTitle "II"]
[WhiteElo "1702"]
[BlackElo "1549"]

1. g3 d5 2. Bg2 e5 3. d3 Nf6 4. Nc3 Be7 5. e4 c6 6. Nge2 Bb4 7. O-O d4 8. Nb1 Bd6
9. Nd2 Nbd7 10. Nc4 Bc7 11. f4 c5 12. fxe5 Nxe5 13. Nxe5 Bxe5 14. Nf4 Bg4 15.
Qe1 O-O 16. Nh3 h6 17. Bd2 b5 18. Kh1 Qd6 19. Ng1 Rad8 20. Nf3 Bxf3 21. Rxf3 Nh7
22. Bh3 Ng5 23. Bxg5 hxg5 24. Rf5 f6 25. Qe2 g6 26. Rf2 Kg7 27. Rg1 c4 28. Qg4
Rfe8 29. Rgf1 a5 30. b3 Qb4 31. Bg2 a4 32. Rb1 c3 33. Rff1 Qa3 34. bxa4 b4 35.
Rb3 Qxa4 36. Rfb1 Bd6 37. a3 Rb8 38. axb4 Rxb4 39. Kg1 Rxb3 40. Rxb3 Qa1+ 41.
Bf1 Re7 42. h4 Qe1 43. hxg5 f5 44. exf5 gxf5 45. Qxd4+ Be5 46. Qf2 Bxg3 47. Qxe1
Bxe1 48. Rb6 f4 49. Kg2 Ra7 50. d4 Re7 51. Kf3 Bd2 52. d5 Re3+ 53. Kg4 Rg3+ 54.
Kf5 f3 55. Rb7+ Kf8 56. g6 Rg5+ 57. Kf6 1-0

[Event "XIII MIEDZYNARODOWY FESTIWAL SZACHOWY PERLA BALTYKU - GRUPA A"]
[Site "LAZY - OW BRYZA"]
[Date "1899-12-30"]
[Round "2.24"]
[White "Bialek, Alicja"]
[Black "Straszewski, Tomasz"]
[Result "0-1"]
[WhiteTitle "I"]
[BlackTitle "II+"]
[WhiteElo "1367"]
[BlackElo "1672"]

1. e4 e5 2. Nf3 Nc6 3. Nc3 Nf6 4. d4 exd4 5. Nxd4 Bb4 6. Nxc6 bxc6 7. Bd3 O-O 8.
O-O d5 9. exd5 cxd5 10. h3 c5 11. Bg5 Be6 12. Bxf6 Qxf6 13. Nxd5 Bxd5 14. Qh5
g6 15. Qxd5 Qxb2 16. Qb3 Qf6 17. a3 Bc3 18. Rab1 Bd4 19. Qa4 Qh4 20. Qc4 Qf6 21.
Qa6 Qf4 22. Rb7 Rae8 23. g3 Qxg3+ 24. Kh1 Qxh3+ 25. Kg1 Qg3+ 26. Kh1 Bxf2 27.
Be2 Qh3# 0-1

[Event "XIII MIEDZYNARODOWY FESTIWAL SZACHOWY PERLA BALTYKU - GRUPA A"]
[Site "LAZY - OW BRYZA"]
[Date "1899-12-30"]
[Round "2.25"]
[White "Kukula, Karol"]
[Black "Budrewicz, Henryk"]
[Result "1-0"]
[WhiteTitle "I"]
[BlackTitle "I"]
[WhiteElo "1656"]
[BlackElo "1488"]

1. e4 c6 2. d4 d6 3. Nc3 Qc7 4. f4 e5 5. Nf3 Bg4 6. dxe5 dxe5 7. h3 Bxf3 8. Qxf3
Nd7 9. Bc4 Ngf6 10. Be3 Bd6 11. f5 Bc5 12. Bxc5 Nxc5 13. Qe3 Ncd7 14. O-O-O O-O
15. g4 b5 16. Bb3 a5 17. g5 a4 18. gxf6 Nxf6 19. Rdg1 axb3 20. cxb3 Ne8 21. f6
g6 22. Rf1 Qd6 23. Qg5 b4 24. Na4 c5 25. h4 c4 26. h5 cxb3 27. hxg6 Qc6+ 28. Kb1
bxa2+ 29. Ka1 fxg6 30. Rxh7 Rxf6 31. Rfh1 Rxa4 32. Qxe5 Ra8 33. Qe7 1-0

[Event "XIII MIEDZYNARODOWY FESTIWAL SZACHOWY PERLA BALTYKU - GRUPA A"]
[Site "LAZY - OW BRYZA"]
[Date "1899-12-30"]
[Round "2.26"]
[White "Rejniak, Zuzanna"]
[Black "Pisarek, Elzbieta"]
[Result "1-0"]
[WhiteTitle "I+"]
[BlackTitle "I"]
[WhiteElo "1628"]
[BlackElo "1397"]

1. e4 c5 2. Nf3 d6 3. c3 Nf6 4. Be2 Nc6 5. d4 cxd4 6. cxd4 e6 7. Nc3 Be7 8. O-O
O-O 9. Bf4 a6 10. Rc1 Nd7 11. d5 exd5 12. Nxd5 Nde5 13. Be3 Be6 14. Bb6 Qd7 15.
Nxe5 dxe5 16. Nxe7+ Nxe7 17. Qxd7 Bxd7 18. Rc7 Nc8 19. Bc5 Bc6 20. Bxf8 Kxf8 21.
Bc4 Nd6 22. Bd5 Bxd5 23. exd5 Rd8 24. Re1 f6 25. Kf1 Kg8 26. Rec1 Kf8 27. R1c3
Kg8 28. Rg3 g6 29. Rh3 h5 30. Rf3 Ne4 31. Re3 Nd6 32. Rec3 Nb5 33. Rc8 Rxc8 34.
Rxc8+ Kf7 35. a4 Nd6 36. Rc7+ Ke8 37. Rg7 g5 38. Ke2 h4 39. g3 hxg3 40. hxg3 Kd8
41. b4 Ke8 42. Kf3 Nf7 43. Rg8+ Ke7 44. Rb8 Nd6 45. Kg4 Kd7 46. Kh5 1-0

[Event "XIII MIEDZYNARODOWY FESTIWAL SZACHOWY PERLA BALTYKU - GRUPA A"]
[Site "LAZY - OW BRYZA"]
[Date "1899-12-30"]
[Round "2.27"]
[White "Szeliga, Sebastian"]
[Black "Zabron, Maksym"]
[Result "0-1"]
[WhiteTitle "II"]
[BlackTitle "I"]
[WhiteElo "1310"]
[BlackElo "1625"]

1. e4 d6 2. d4 Nf6 3. Nc3 g6 4. Nf3 Bg7 5. Bc4 O-O 6. O-O Bg4 7. h3 Bxf3 8. Qxf3
Nc6 9. Be3 e5 10. d5 Ne7 11. Bg5 Nd7 12. Bb5 f5 13. Bxd7 Qxd7 14. Bxe7 Qxe7 15.
Rae1 f4 16. Qd3 f3 17. Re3 fxg2 18. Kxg2 Bh6 19. Rf3 Rxf3 20. Qxf3 Rf8 21. Qg3
Bf4 22. Qg4 Bd2 23. Ne2 Qf6 24. Qg3 Bf4 25. Qf3 h5 26. Nxf4 exf4 27. c3 Qh4 28.
Rg1 Rf7 29. Kf1 Rg7 30. Qg2 Qe7 31. f3 g5 32. Qe2 Qd7 33. Qc4 Qxh3+ 34. Kf2 g4
35. fxg4 Qe3+ 36. Kf1 hxg4 37. Qe2 Qxe2+ 38. Kxe2 Kf7 39. Rf1 f3+ 40. Ke3 Ke7
41. Kf4 f2 42. Kg3 Kf6 43. Rxf2+ Ke5 44. Rf4 c6 45. dxc6 bxc6 46. b3 c5 47. c4
a5 48. Rf8 a4 49. Re8+ Kd4 50. Re6 axb3 51. axb3 Rd7 52. Kxg4 Kc3 53. Kf4 Kxb3
54. e5 dxe5+ 55. Kxe5 Kxc4 56. Ke4 Rd1 57. Rb6 Kc3 58. Ke3 c4 59. Ke2 Rd8 60.
Ra6 Kb2 61. Rb6+ Kc2 62. Ra6 c3 0-1

[Event "XIII MIEDZYNARODOWY FESTIWAL SZACHOWY PERLA BALTYKU - GRUPA A"]
[Site "LAZY - OW BRYZA"]
[Date "1899-12-30"]
[Round "2.28"]
[White "Zamarska, Sylwia"]
[Black "Bochniak, Jakub"]
[Result "1-0"]
[WhiteTitle "I++"]
[BlackTitle "III"]
[WhiteElo "1622"]
[BlackElo "1352"]

1. d4 d5 2. c4 c6 3. Nf3 Bg4 4. Ne5 Nf6 5. Nxg4 Nxg4 6. Nc3 e5 7. dxe5 Bb4 8. cxd5
Bxc3+ 9. bxc3 Qxd5 10. Qxd5 cxd5 11. f4 f6 12. h3 Nh6 13. exf6 gxf6 14. g4 O-O
15. Bg2 Rd8 16. Ba3 Na6 17. Be7 f5 18. Bxd8 Rxd8 19. g5 Nf7 20. O-O-O Nc7 21.
Rd2 Nb5 22. Bxd5 Nxc3 23. Bxf7+ 1-0

[Event "XIII MIEDZYNARODOWY FESTIWAL SZACHOWY PERLA BALTYKU - GRUPA A"]
[Site "LAZY - OW BRYZA"]
[Date "1899-12-30"]
[Round "3.1"]
[White "Litner, Igor"]
[Black "Kaczmarek, Aleksander"]
[Result "0-1"]
[WhiteTitle "I+"]
[BlackTitle "FM"]
[WhiteElo "1949"]
[BlackElo "2363"]

1. d4 c5 2. c3 Nf6 3. Nf3 e6 4. Bf4 Nc6 5. e3 cxd4 6. exd4 d5 7. Bd3 Be7 8. O-O
Nh5 9. Be5 O-O 10. Qe2 Nxe5 11. Qxe5 Nf6 12. Nbd2 Bd7 13. Qe2 Qc7 14. Ne5 Be8
15. f4 g6 16. g4 Nd7 17. Ndf3 f6 18. Nxd7 Qxd7 19. Rae1 Bd6 20. f5 exf5 21. gxf5
g5 22. Qe6+ Kh8 23. Kh1 Qc7 24. Qxd5 g4 25. Rxe8 Raxe8 26. Nd2 Re3 27. Nc4 Rxd3
28. Qxd6 Qc6+ 29. Qxc6 bxc6 30. Re1 g3 31. h3 Rf3 32. Kg2 Rxf5 33. Re3 h5 34.
Kxg3 Rg8+ 35. Kh2 Rf2+ 36. Kh1 Rfg2 37. h4 R2g4 38. Rh3 Rg1+ 0-1

[Event "XIII MIEDZYNARODOWY FESTIWAL SZACHOWY PERLA BALTYKU - GRUPA A"]
[Site "LAZY - OW BRYZA"]
[Date "1899-12-30"]
[Round "3.2"]
[White "Darowicki, Mariusz"]
[Black "Swiech, Przemyslaw"]
[Result "1/2-1/2"]
[WhiteTitle "I++"]
[BlackTitle "I++"]
[WhiteElo "1931"]
[BlackElo "2176"]

1. d4 d5 2. Nf3 Nf6 3. Bf4 e6 4. e3 Bb4+ 5. c3 Bd6 6. Nbd2 O-O 7. Bd3 b6 8. Qe2
Bb7 9. Ne5 Nbd7 10. O-O Ne4 11. Rad1 f6 12. Nxd7 Qxd7 13. Bxd6 cxd6 14. Nxe4 dxe4
15. Bb5 Qe7 16. Ba6 Bxa6 17. Qxa6 f5 18. c4 Rf6 19. c5 bxc5 20. dxc5 d5 21. Rc1
e5 22. c6 Qc7 23. Rfd1 Rd6 24. Rc5 Rad8 25. Qb7 Qb6 26. Qxb6 axb6 27. Rcc1 Rc8
28. g3 Kf7 29. b4 d4 30. b5 Ke7 31. Kf1 Rd5 32. a4 Kd6 33. Ke2 Kc7 34. Rc4 Rcd8
35. Rcc1 g5 36. h4 g4 37. Rc4 R8d6 38. Rcc1 f4 1/2-1/2

[Event "XIII MIEDZYNARODOWY FESTIWAL SZACHOWY PERLA BALTYKU - GRUPA A"]
[Site "LAZY - OW BRYZA"]
[Date "1899-12-30"]
[Round "3.3"]
[White "Sygulski, Pawel"]
[Black "Stylinski, Piotr"]
[Result "1/2-1/2"]
[WhiteTitle "k"]
[BlackTitle "I"]
[WhiteElo "2143"]
[BlackElo "1815"]

1. c4 e5 2. Nc3 f5 3. g3 Nf6 4. Bg2 Be7 5. e3 O-O 6. Nge2 d6 7. d4 Qe8 8. b3 Qh5
9. Ba3 e4 10. Nf4 Qh6 11. Qd2 Na6 12. h4 c6 13. O-O-O Nc7 14. Kb1 Re8 15. d5 c5
16. Bh3 Rb8 17. Bxc5 dxc5 18. d6 Bd8 19. dxc7 Bxc7 20. Nb5 Be5 21. Nxa7 g6 22.
Nxc8 Rbxc8 23. Nd5 Red8 24. a4 Qf8 25. Bf1 h5 26. Be2 Rd6 27. Qc2 Nxd5 28. Rxd5
Rxd5 29. cxd5 c4 30. Bxc4 b5 31. axb5 Ra8 1/2-1/2

[Event "XIII MIEDZYNARODOWY FESTIWAL SZACHOWY PERLA BALTYKU - GRUPA A"]
[Site "LAZY - OW BRYZA"]
[Date "1899-12-30"]
[Round "3.4"]
[White "Sernecki, Franciszek"]
[Black "Grzesik, Gracjan"]
[Result "1-0"]
[WhiteTitle "I"]
[BlackTitle "I"]
[WhiteElo "2039"]
[BlackElo "1712"]

1. c4 c5 2. e3 e6 3. d4 d5 4. Nc3 Nf6 5. Nf3 Nc6 6. a3 cxd4 7. exd4 dxc4 8. Bxc4
Bd6 9. O-O O-O 10. Qe2 a6 11. Rd1 h6 12. a4 Qc7 13. Ba2 b6 14. d5 exd5 15. Nxd5
Nxd5 16. Bxd5 Bb7 17. Be3 Rfe8 18. Qc4 Re7 19. Rac1 Na5 20. Qd3 Qd8 21. Bxf7+
Rxf7 22. Qxd6 Qxd6 23. Rxd6 Bxf3 24. gxf3 b5 25. axb5 axb5 26. Ra1 Rff8 27. Rd5
Nc4 28. Rxa8 Rxa8 29. Rxb5 Ra2 30. Bd4 Nd6 31. Rd5 Nf7 32. f4 Ra4 33. Be5 Rb4
34. Bd4 Rb7 35. Bc3 Kf8 36. f5 Ng5 37. Rd8+ Kf7 38. Kf1 Re7 39. Bb4 Kf6 40. Bxe7+
Kxe7 41. Rd5 Kf6 42. b4 Ne4 43. b5 Nc3 44. b6 Nxd5 45. b7 Kxf5 46. b8=Q g5 47.
Qf8+ Kg6 48. Qg8+ 1-0

[Event "XIII MIEDZYNARODOWY FESTIWAL SZACHOWY PERLA BALTYKU - GRUPA A"]
[Site "LAZY - OW BRYZA"]
[Date "1899-12-30"]
[Round "3.5"]
[White "Wozniak, Mariola"]
[Black "Malaczek, Mateusz"]
[Result "1-0"]
[WhiteTitle "WIM"]
[BlackTitle "II+"]
[WhiteElo "2204"]
[BlackElo "1905"]

1. e4 g6 2. d4 Bg7 3. Nc3 d6 4. Be3 a6 5. a4 b6 6. Nf3 Nd7 7. Bc4 e6 8. O-O h6
9. Qd2 Bb7 10. h3 Ne7 11. Rfe1 Kf8 12. Rad1 Kg8 13. Nh2 Nf6 14. Ng4 Nxg4 15. hxg4
d5 16. exd5 Nxd5 17. Nxd5 Bxd5 18. Be2 Bc6 19. b3 Bf8 20. Bf4 Bd6 21. c4 a5 22.
Qe3 Bb7 23. d5 exd5 24. Bf3 Kg7 25. Bxd5 Bxd5 26. Rxd5 Bxf4 27. Qxf4 Qf6 28. Qxf6+
Kxf6 29. Rd7 Rhe8 30. Rxe8 Rxe8 31. Rxc7 Re6 32. Kf1 Kg5 33. Rxf7 Kxg4 34. Rd7
g5 35. Rd2 Kf4 36. Re2 Rd6 37. Re3 h5 38. g3+ Kg4 39. Kg2 Kf5 40. Kf3 Rd2 41.
Rc3 Kf6 42. Ke3 Rb2 43. f4 Rg2 44. Kf3 Rd2 45. fxg5+ Kxg5 46. c5 bxc5 47. Rxc5+
Kg6 48. Rc3 Rd4 49. Ke3 Rb4 50. Kf3 Rd4 51. Rc6+ Kg7 52. Rb6 Rd3+ 53. Kf4 Kf7
54. Rb5 Kg6 55. Rg5+ Kh6 56. Rxa5 Rxb3 57. Rb5 Ra3 58. a5 Ra4+ 59. Kf5 Kg7 60.
Rb7+ Kg8 61. Rb5 Kg7 62. Ke5 Ra3 63. Kd6 Kg6 64. Kc7 Rxg3 65. a6 Ra3 66. Kb7 1-0

[Event "XIII MIEDZYNARODOWY FESTIWAL SZACHOWY PERLA BALTYKU - GRUPA A"]
[Site "LAZY - OW BRYZA"]
[Date "1899-12-30"]
[Round "3.6"]
[White "Mielczarski, Miroslaw"]
[Black "Pietrucha, Jaroslaw"]
[Result "1-0"]
[WhiteTitle "k"]
[BlackTitle "I"]
[WhiteElo "2095"]
[BlackElo "1847"]

1. d4 d5 2. c4 e6 3. Nc3 Nf6 4. cxd5 Nxd5 5. Nf3 Nxc3 6. bxc3 Bd6 7. e4 O-O 8.
Bd3 Nd7 9. e5 Be7 10. Qe2 c5 11. O-O cxd4 12. cxd4 Nb6 13. h4 g6 14. h5 Bd7 15.
Bh6 Re8 16. hxg6 fxg6 17. Be4 Bc6 18. Bxc6 bxc6 19. Rac1 Rc8 20. Rfd1 Nd5 21.
Nd2 Ba3 22. Rc4 Qh4 23. Be3 Nxe3 24. Qxe3 Qh5 25. Nf3 Be7 26. Qe4 Qf5 27. Qxf5
gxf5 28. Rdc1 h6 29. Rxc6 Rxc6 30. Rxc6 Kf7 31. Rc7 a5 32. Ra7 Rb8 33. Rxa5 Rb1+
34. Kh2 Rb2 35. Kg3 h5 36. Ra7 Ke8 37. a4 h4+ 38. Nxh4 Bxh4+ 39. Kxh4 Rxf2 40.
g3 f4 41. gxf4 Rxf4+ 42. Kg5 Rxd4 43. Kf6 Rh4 44. Kxe6 Rh6+ 45. Kd5 1-0

[Event "XIII MIEDZYNARODOWY FESTIWAL SZACHOWY PERLA BALTYKU - GRUPA A"]
[Site "LAZY - OW BRYZA"]
[Date "1899-12-30"]
[Round "3.7"]
[White "Bartoszewicz, Marcin"]
[Black "Nowak, Mikolaj"]
[Result "0-1"]
[WhiteTitle "I++"]
[BlackTitle "I++"]
[WhiteElo "1915"]
[BlackElo "2080"]

1. e4 e5 2. Nf3 Nc6 3. Bb5 Nf6 4. O-O Nxe4 5. d4 Nd6 6. dxe5 Nxb5 7. a4 Nbd4 8.
Nxd4 Nxd4 9. Qxd4 d5 10. exd6 Qxd6 11. Re1+ Be6 12. Be3 Qxd4 13. Bxd4 O-O-O 14.
c3 a6 15. Nd2 Bd5 16. Nf1 f6 17. a5 Bd6 18. b4 Rhe8 19. Ng3 Rxe1+ 20. Rxe1 Kd7
21. Nf5 Bf8 22. f3 Be6 23. Ng3 Bc4 24. Ne4 Bd5 25. Kf2 Bxe4 26. Rxe4 Re8 27. Rxe8
Kxe8 28. Ke3 Kd7 29. Kd3 Kc6 30. Kc4 Bd6 31. h3 Be5 32. Bc5 Kd7 33. Be3 f5 34.
g4 fxg4 35. fxg4 Kc6 36. Bd2 Bf6 37. Be3 g6 38. Bf4 b5+ 39. Kd3 Be7 40. Ke4 Kd7
41. Be5 c6 42. Kd4 c5+ 43. bxc5 Kc6 44. Bd6 Bxd6 45. cxd6 Kxd6 46. g5 Kc6 47.
h4 Kd6 48. c4 b4 0-1

[Event "XIII MIEDZYNARODOWY FESTIWAL SZACHOWY PERLA BALTYKU - GRUPA A"]
[Site "LAZY - OW BRYZA"]
[Date "1899-12-30"]
[Round "3.8"]
[White "Franckowski, Janusz"]
[Black "Czaplewska, Klara"]
[Result "1/2-1/2"]
[WhiteTitle "I"]
[BlackTitle "k+"]
[WhiteElo "2033"]
[BlackElo "1920"]

1. d4 Nf6 2. Nf3 g6 3. Bg5 Bg7 4. Nbd2 d5 5. Bxf6 Bxf6 6. e4 dxe4 7. Nxe4 Bg7 8.
Bc4 O-O 9. O-O Nc6 10. c3 Bg4 11. Be2 Qd5 12. Ned2 Rad8 13. h3 Bc8 14. Qb3 Qf5
15. Nc4 b6 16. Rfe1 Bb7 17. Bf1 e6 18. Nfe5 Nxe5 19. Nxe5 c5 20. Rad1 Be4 21.
Qb5 cxd4 22. cxd4 Bc2 23. Bd3 Bxd3 24. Qxd3 Qxd3 25. Rxd3 Bxe5 26. Rxe5 Rd7 27.
Re2 Rfd8 28. Red2 Rd5 29. f4 Kg7 1/2-1/2

[Event "XIII MIEDZYNARODOWY FESTIWAL SZACHOWY PERLA BALTYKU - GRUPA A"]
[Site "LAZY - OW BRYZA"]
[Date "1899-12-30"]
[Round "3.10"]
[White "Kosiba, Marcin"]
[Black "Kapral, Krzysztof"]
[Result "0-1"]
[WhiteTitle "II"]
[BlackTitle "k"]
[WhiteElo "1832"]
[BlackElo "1939"]

1. e4 e6 2. d4 d5 3. e5 c5 4. Nf3 cxd4 5. Nxd4 Nc6 6. Nf3 Qc7 7. Bb5 Nge7 8. O-O
Bd7 9. Bf4 Ng6 10. Bg3 Qb6 11. Bxc6 Bxc6 12. b3 Bb5 13. Re1 a5 14. a4 Ba6 15.
c3 Rc8 16. Ra2 Be7 17. Rd2 Qc7 18. Nd4 Bc5 19. Qg4 Qb6 20. Qd1 Ne7 21. f4 Bxd4+
22. cxd4 Nf5 23. Bf2 h5 24. Rc2 Rc6 25. Rc5 g6 26. Nd2 Ke7 27. Nf3 Rhc8 28. h3
Qb4 29. Rxc6 Rxc6 30. g4 hxg4 31. hxg4 Nh6 32. Nh4 Rc3 33. f5 Qxb3 34. Qxb3 Rxb3
35. fxg6 fxg6 36. Nxg6+ Kf7 37. g5 Ng4 38. Nh4 Rh3 39. Ng2 Bd3 40. Rc1 Be4 41.
Rc7+ Ke8 42. g6 Rh2 43. Bh4 Rxg2+ 44. Kf1 Nh2+ 45. Ke1 Nf3+ 46. Kd1 Nxh4 47. g7
Nf5 0-1

[Event "XIII MIEDZYNARODOWY FESTIWAL SZACHOWY PERLA BALTYKU - GRUPA A"]
[Site "LAZY - OW BRYZA"]
[Date "1899-12-30"]
[Round "3.11"]
[White "Wacior, Maciej"]
[Black "Losinska, Aleksandra"]
[Result "0-1"]
[WhiteTitle "I++"]
[BlackTitle "I"]
[WhiteElo "2025"]
[BlackElo "1551"]

1. d4 d5 2. Nf3 Nf6 3. Bf4 c5 4. e3 e6 5. c3 Nc6 6. Bd3 Bd6 7. Bg3 O-O 8. Nbd2
cxd4 9. exd4 Qc7 10. Qc2 h6 11. O-O-O Rb8 12. Bxd6 Qxd6 13. h3 b5 14. g4 b4 15.
Nb3 bxc3 16. bxc3 Qf4+ 17. Nfd2 e5 18. dxe5 Nxe5 19. f3 Rb6 20. Rde1 Ba6 21. Bxa6
Rxa6 22. Re2 Rc8 23. Rhe1 Nc4 24. Nd4 Rb6 25. Qf5 Qc7 26. Nxc4 Qxc4 27. Rc2 Rcb8
28. Kd2 Rb2 29. h4 Rxa2 30. g5 Rxc2+ 31. Qxc2 hxg5 32. hxg5 Nd7 33. Qf5 Nc5 34.
g6 Rb2+ 35. Nc2 Nb3+ 36. Ke3 Qxc3+ 37. Kf4 Qc4+ 38. Kg5 f6+ 39. Kh5 Qc6 40. Kg4
Kf8 41. Nb4 Qc4+ 42. f4 Re2 43. Qd7 f5+ 44. Kg5 Rg2+ 45. Kxf5 Nd4+ 46. Ke5 Nf3+
47. Kf5 Nh4+ 48. Ke5 Qc3+ 49. Kd6 Qxb4+ 50. Kc7 Rc2+ 0-1

[Event "XIII MIEDZYNARODOWY FESTIWAL SZACHOWY PERLA BALTYKU - GRUPA A"]
[Site "LAZY - OW BRYZA"]
[Date "1899-12-30"]
[Round "3.12"]
[White "Straszewski, Tomasz"]
[Black "Hilarecki, Grzegorz"]
[Result "1/2-1/2"]
[WhiteTitle "II+"]
[BlackTitle "k"]
[WhiteElo "1672"]
[BlackElo "2105"]

1. e4 d5 2. exd5 Qxd5 3. Nc3 Qa5 4. d4 Nf6 5. Nf3 Bf5 6. Be2 c6 7. O-O e6 8. Nh4
Bg6 9. Bf4 Bb4 10. Bd2 Nbd7 11. a3 Bxc3 12. Bxc3 Qc7 13. b4 Be4 14. Bd2 O-O 15.
f3 Bg6 16. Nxg6 hxg6 17. Qe1 b5 18. Rc1 Nb6 19. c4 bxc4 20. Bxc4 Nxc4 21. Rxc4
Qb6 22. Bf4 Nd5 23. Bg3 a5 24. bxa5 Rxa5 25. Rxc6 Qxd4+ 26. Bf2 Qa4 27. Rxe6 1/2-1/2

[Event "XIII MIEDZYNARODOWY FESTIWAL SZACHOWY PERLA BALTYKU - GRUPA A"]
[Site "LAZY - OW BRYZA"]
[Date "1899-12-30"]
[Round "3.13"]
[White "Lada, Ireneusz"]
[Black "Ciesielski, Jan"]
[Result "1-0"]
[WhiteTitle "k"]
[BlackTitle "II+"]
[WhiteElo "1916"]
[BlackElo "1669"]

1. c4 c6 2. b3 d5 3. e3 Nf6 4. Bb2 e6 5. f4 Nbd7 6. Nf3 dxc4 7. Bxc4 b5 8. Be2
Bb7 9. O-O Be7 10. d4 Nd5 11. Qd2 N7f6 12. Ne5 Qb6 13. Bf3 O-O 14. g4 Rfd8 15.
g5 Nd7 16. Bxd5 Nxe5 17. Be4 Ng6 18. Qg2 Rab8 19. Nd2 c5 20. Bxb7 Qxb7 21. Nf3
Qe4 22. Rfe1 Rbc8 23. Rac1 cxd4 24. Nxd4 Qxg2+ 25. Kxg2 Bb4 26. Rxc8 Rxc8 27.
Re2 a6 28. Kf3 Ne7 29. Ke4 Kf8 30. h4 Ke8 31. Rc2 Rxc2 32. Nxc2 Bc5 33. Bxg7 Nf5
34. Bd4 Bxd4 35. Nxd4 Nxh4 36. Nc6 Ng2 37. b4 Ne1 38. Nb8 Ke7 39. Nxa6 Kd6 40.
Kd4 Nf3+ 41. Kc3 e5 42. Nc5 exf4 43. exf4 Kd5 44. a3 Nd4 45. Kd3 Ne6 46. Nxe6
fxe6 47. Ke3 Kc4 48. Ke4 Kb3 49. Ke5 Kxa3 50. Kxe6 Kxb4 51. f5 Kc3 52. f6 b4 53.
f7 1-0

[Event "XIII MIEDZYNARODOWY FESTIWAL SZACHOWY PERLA BALTYKU - GRUPA A"]
[Site "LAZY - OW BRYZA"]
[Date "1899-12-30"]
[Round "3.14"]
[White "Kukula, Karol"]
[Black "Tustanowski, Mateusz"]
[Result "0-1"]
[WhiteTitle "I"]
[BlackTitle "I++"]
[WhiteElo "1656"]
[BlackElo "1916"]

1. e4 c5 2. Nf3 Nf6 3. Nc3 Nc6 4. d4 d5 5. exd5 Nxd5 6. Nxd5 Qxd5 7. Be3 c4 8.
Ne5 b5 9. Nxc6 Qxc6 10. Be2 Be6 11. Bf3 Bd5 12. Bxd5 Qxd5 13. O-O g6 14. c3 Bg7
15. Qc2 O-O 16. Rfe1 a5 17. Qd2 Rfb8 18. Bg5 e6 19. a3 b4 20. axb4 axb4 21. Bf4
Rxa1 22. Rxa1 Ra8 23. Rxa8+ Qxa8 24. h3 b3 25. Kh2 Qe4 26. Bh6 Qf5 27. Bxg7 Kxg7
28. Qe2 Kg8 29. f3 Qc2 30. Qe5 h6 31. Qb8+ Kh7 32. Qf8 Qf5 33. Qd6 h5 34. Qf8
Qf4+ 35. Kg1 g5 36. Kh1 Qc1+ 37. Kh2 Qf4+ 38. Kh1 h4 39. Kg1 Kg6 40. Qg8+ Kf6
41. Qd8+ Kg7 42. Qe7 Kg6 43. Qe8 Qc1+ 44. Kh2 Qf4+ 45. Kh1 Qc1+ 46. Kh2 Qxb2 47.
Qg8+ Kf6 48. Qd8+ Kf5 49. Qg8 Kf4 50. Qxf7+ Ke3 51. Qxe6+ Kf2 52. d5 Qxc3 53.
Qb6+ Qe3 54. Qxe3+ Kxe3 55. d6 b2 56. d7 b1=Q 57. d8=Q Qb5 58. Qe7+ Kf2 59. Qa7+
Ke2 60. Qa2+ Kd3 61. Qa3+ c3 62. Qd6+ Ke2 63. Qe7+ Kd2 64. Qd6+ Qd3 65. Qb4 Qe3
66. Qd6+ Ke1 67. Qc6 Kf2 68. Kh1 Qe1+ 0-1

[Event "XIII MIEDZYNARODOWY FESTIWAL SZACHOWY PERLA BALTYKU - GRUPA A"]
[Site "LAZY - OW BRYZA"]
[Date "1899-12-30"]
[Round "3.15"]
[White "Jedrocha, Katarzyna"]
[Black "Rejniak, Zuzanna"]
[Result "1-0"]
[WhiteTitle "k"]
[BlackTitle "I+"]
[WhiteElo "1898"]
[BlackElo "1628"]

1. e4 c5 2. c3 d5 3. exd5 Qxd5 4. d4 e6 5. Nf3 Nf6 6. Be2 Be7 7. O-O Nc6 8. Be3
cxd4 9. cxd4 O-O 10. Nc3 Qd8 11. a3 a6 12. Ne5 Nxe5 13. dxe5 Nd5 14. Nxd5 exd5
15. Rc1 b5 16. Bf3 Be6 17. Qd2 Qd7 18. Rfd1 Rfd8 19. Qa5 Rdc8 20. Rxc8+ Rxc8 21.
Qxa6 d4 22. Rxd4 Qc7 23. Qxb5 Bc5 24. Rd1 Bxe3 25. fxe3 Rb8 26. Qd3 g6 27. Qd6
Qa7 28. Qd4 Qxd4 29. exd4 Rxb2 30. d5 Bd7 31. Rc1 Rb3 32. Rc7 Bf5 33. d6 Rxa3
34. d7 Bxd7 35. Rxd7 Ra2 36. Bd5 Ra1+ 37. Kf2 Ra5 38. Bxf7+ Kf8 39. e6 Ra2+ 40.
Kf3 Ra3+ 41. Ke2 Ra2+ 42. Rd2 Ra5 43. g4 Ra4 44. Kf3 Ra3+ 45. Kf4 Ra5 46. Rd8+
Ke7 47. Rh8 g5+ 48. Kf3 Ra3+ 49. Ke4 Rh3 50. Ke5 Re3+ 51. Kf5 Rh3 52. Kxg5 Rxh2
53. Re8+ Kd6 54. Kf6 Rg2 55. Rd8+ Kc7 56. e7 Rf2+ 57. Kg7 Re2 58. e8=Q Rxe8 59.
Rxe8 1-0

[Event "XIII MIEDZYNARODOWY FESTIWAL SZACHOWY PERLA BALTYKU - GRUPA A"]
[Site "LAZY - OW BRYZA"]
[Date "1899-12-30"]
[Round "3.16"]
[White "Zabron, Maksym"]
[Black "Luczak, Filip"]
[Result "0-1"]
[WhiteTitle "I"]
[BlackTitle "I"]
[WhiteElo "1625"]
[BlackElo "1865"]

1. d4 Nf6 2. c4 g6 3. Nc3 Bg7 4. e4 d6 5. Nf3 O-O 6. Be2 e5 7. O-O exd4 8. Nxd4
Re8 9. f3 c6 10. Bg5 h6 11. Bh4 Qb6 12. Na4 Qc7 13. Bf2 Nbd7 14. Rc1 b6 15. b4
Bb7 16. c5 bxc5 17. bxc5 d5 18. exd5 Nxd5 19. Nb5 cxb5 20. c6 Bxc6 21. Bxb5 Bxb5
22. Rxc7 Nxc7 23. Re1 Rxe1+ 24. Bxe1 Ne6 25. Nc3 Bd4+ 26. Kh1 Bxc3 27. Bxc3 Rc8
28. Bb2 Ndc5 29. Qc2 Rd8 30. h3 Bd3 31. Qc3 Rd4 32. Qa5 Ra4 33. Qc3 Kf8 34. Ba3
Rxa3 35. Qxa3 a6 36. Qc3 Ke7 37. Qh8 h5 38. Qe5 a5 39. Qc3 a4 40. a3 Bb1 41. Qa5
Ba2 42. Qa7+ Kf6 43. Qa5 Bb3 44. Qc3+ Ke7 45. Qb4 Kd6 46. Qd2+ Kc6 47. Qc3 Nc7
48. Qf6+ Be6 49. Qd8 Nb7 50. Qd4 Bb3 51. Qf6+ Nd6 52. Qc3+ Kd7 53. Qd4 Ncb5 54.
Qc5 Nc7 55. Qd4 Kc6 56. Qc3+ Nc4 57. Qf6+ Kb7 58. Qe7 Kc6 59. Qf6+ Ne6 60. Qxf7
Nxa3 61. Qe8+ Kd5 62. Qxg6 Nc2 63. Qxh5+ Kc4 64. Qe5 Ned4 65. h4 a3 66. Qc7+ Kd3
67. Qh7+ Kc3 68. Qc7+ Kb2 69. Qa7 a2 70. h5 a1=Q+ 71. Qxa1+ Nxa1 72. Kh2 Kc3 73.
Kg3 Ne6 74. h6 Nf8 75. Kf4 Kd4 76. g4 Bc2 77. Kg5 Nh7+ 78. Kh5 Ke5 79. g5 Nf8
80. Kg4 Bg6 81. f4+ Ke6 82. f5+ Bxf5+ 83. Kf4 Nb3 84. Ke3 Nc5 85. Kd4 Ncd7 86.
h7 Nxh7 87. g6 Bxg6 88. Ke3 Kd5 89. Kf4 Ne5 90. Ke3 Ng4+ 91. Kf4 Ne5 92. Ke3 Bf5
93. Kd2 Kd4 94. Ke2 Ng5 95. Kf2 Ne4+ 96. Ke2 Bg4+ 97. Kf1 Ke3 98. Kg2 Ke2 99.
Kg1 Kf3 100. Kf1 Nd3 101. Kg1 Nd2 102. Kh2 Kf2 103. Kh1 Nb4 104. Kh2 Nf1+ 105.
Kh1 Bf3# 0-1

[Event "XIII MIEDZYNARODOWY FESTIWAL SZACHOWY PERLA BALTYKU - GRUPA A"]
[Site "LAZY - OW BRYZA"]
[Date "1899-12-30"]
[Round "3.17"]
[White "Przerwa, Waldemar"]
[Black "Zamarska, Sylwia"]
[Result "1/2-1/2"]
[WhiteTitle "I"]
[BlackTitle "I++"]
[WhiteElo "1780"]
[BlackElo "1622"]

1. e4 c6 2. d4 d5 3. e5 Bf5 4. Nc3 e6 5. h4 h5 6. Be3 Ne7 7. Nge2 Nd7 8. Ng3 Bg4
9. Be2 Bxe2 10. Qxe2 g6 11. O-O-O Nc8 12. Bg5 Be7 13. Qe3 Bxg5 14. hxg5 Ncb6 15.
b3 Qe7 16. Kb1 Qb4 17. Ka1 Ke7 18. Nge2 a5 19. Rb1 Rhc8 20. Rh3 Ke8 21. g4 hxg4
22. Rh7 Rc7 23. Qf4 Nf8 24. Rh8 c5 25. dxc5 Qxf4 26. Nxf4 Rxc5 27. Nfe2 Ke7 28.
b4 axb4 29. Rxb4 Ra6 30. Rxg4 Nfd7 31. Rf4 Nxe5 32. Rb8 Ra7 33. Rh8 Rc4 34. Rxc4
Nbxc4 35. f4 Nc6 36. Kb1 Nb4 37. Rh7 Na3+ 38. Kc1 Naxc2 39. a4 Ne3 40. Nd4 Ng2
41. f5 exf5 42. Nxf5+ Ke6 43. Nd4+ Ke7 44. Nf5+ Ke6 45. Nd4+ Ke7 46. Nf5+ Ke6
47. Nd4+ 1/2-1/2

[Event "XIII MIEDZYNARODOWY FESTIWAL SZACHOWY PERLA BALTYKU - GRUPA A"]
[Site "LAZY - OW BRYZA"]
[Date "1899-12-30"]
[Round "3.18"]
[White "Wolaniecki, Patryk"]
[Black "Lascar, Radoslawa"]
[Result "1/2-1/2"]
[WhiteTitle "I"]
[BlackTitle "I+"]
[WhiteElo "1597"]
[BlackElo "1775"]

1. e4 c5 2. Nf3 Nc6 3. d4 cxd4 4. Nxd4 Nf6 5. Nc3 e5 6. Ndb5 d6 7. Be3 a6 8. Na3
b5 9. Nd5 Nxd5 10. Qxd5 Bb7 11. f3 Qc7 12. Qd2 Be7 13. Be2 O-O 14. O-O Rac8 15.
c3 Rfd8 16. Nc2 Na5 17. Nb4 Nc4 18. Bxc4 Qxc4 19. Rfd1 f5 20. Nd5 Bxd5 21. Qxd5+
Qxd5 22. exd5 f4 23. Bf2 g5 24. a4 Ra8 25. Ra2 Rdb8 26. b4 a5 27. axb5 Rxb5 28.
Rda1 Bd8 29. Ra4 Rxd5 30. c4 Rd3 31. bxa5 Rxa5 32. Rxa5 Bxa5 33. Rxa5 Rd1+ 34.
Be1 Rxe1+ 35. Kf2 Rd1 36. c5 dxc5 37. Rxc5 Rd2+ 38. Kf1 Kf7 39. Rxe5 Kf6 40. Ra5
Rd6 41. Ra7 h5 42. Ra5 Kg6 43. Ra8 g4 44. Rg8+ Kf5 45. Rf8+ Kg5 46. Rg8+ Kf5 1/2-1/2